| 000 | 00360nam a2200145Ia 4500 | ||
|---|---|---|---|
| 008 | 240624s9999 xx 000 0 und d | ||
| 041 | _aeng | ||
| 082 | _a658.4012 LEO | ||
| 100 | _aLEON ALEXIS | ||
| 245 | _aERP DEMYSTIFIED | ||
| 250 | _a(3rd ed.) | ||
| 260 |
_c2014 _aNew Delhi _bTata McGraw-Hill |
||
| 300 | _axvii, : 614 : p. : cm. ; 23 | ||
| 365 |
_cRS _b33 |
||
| 999 |
_c25475 _d25475 |
||